Statistics for Pictures by Letter - I

Click here to take the quiz!

General Stats

  • This quiz has been taken 13,743 times
  • The average score is 12 of 16

Answer Stats

Answer % Correct
Iceberg
98%
Ireland
94%
Iguana
93%
Infinity
87%
Iran
87%
Ivy
79%
Instagram
77%
Illinois
72%
Iberia
71%
Infrared
70%
Inuit / Inupiat
69%
Istanbul
62%
Inca
59%
Iris
56%
Idol
47%
Ibex
44%

Score Distribution

Percentile by Number Answered

Percent of People with Each Score

Your Score History

You have not taken this quiz